[Event "Karnataka State Open-ch 2018"]
[Site "Bengaluru"]
[Date "2018.04.16"]
[Round "5"]
[White "Shiva Pavan Teja Sharma U"]
[Black "Girish, A. Koushik"]
[Result "0-1"]
[WhiteElo "1995"]
[BlackElo "2401"]
[Annotator "TA"]
[PlyCount "54"]
[EventDate "2018.??.??"]
[EventType "swiss"]
[EventCountry "IND"]
[SourceTitle "playchess.com"]
[Source "ChessBase"]
[SourceQuality "1"]

{[%evp 9,54,-25,-4,-18,-17,-43,-40,-41,-35,-33,-34,-61,-50,-54,-54,-43,-45,-56,-54,-59,-65,-65,-65,-69,-69,-84,-66,-66,-67,-79,-62,-214,-228,-221,-240,-216,-224,-224,-242,-233,-240,-256,-246,-685,-402,-402,-392]} 1. e4 c5 2. b3 Nc6 3. Bb2 e5 4. Nf3 d6 5. Be2 Nf6 (5... f5 6. d3 Nf6 7. Nbd2 g6 8. O-O Bh6 9. c3 Be6 10. b4 O-O 11. b5 Ne7 12. Re1 Qb6 13. a4 {0-1 (25) Schmaltz,R (2548)-Dausch,R (2358) Germany 2013}) 6. d3 {B50: Sicilian: 2...d6, Miscellaneous} g6 7. Nbd2 Bg7 8. Nf1 $146 {Black is slightly better.} ({Predecessor:} 8. O-O O-O 9. c3 d5 10. Ba3 b6 11. b4 dxe4 12. dxe4 cxb4 13. cxb4 {0-1 (59) Jocev,M (2235)-Cvetkovic,S (2251) Belgrade 2017}) 8... O-O 9. Ne3 Re8 10. O-O d5 11. exd5 Nxd5 12. Nxd5 Qxd5 13. Re1 Qd7 {Threatens to win with ...e4.} 14. c3 b6 15. Qc2 Bb7 16. Rad1 Rad8 17. Bc1 h6 18. Nd2 Ne7 {[%cal Bc6e7,Be7d5,Bd5c3][%mdl 32]} 19. Bf3 Nd5 20. g3 $2 {[#]} (20. a3 $15) 20... e4 $1 $19 {[%cal Re4f3]} 21. Nxe4 {[#]} Nxc3 $1 {[%mdl 512]} 22. Bxh6 (22. Nxc3 Bxf3) 22... Nxd1 23. Bxg7 Kxg7 24. Rxd1 Qd4 25. h4 Re5 26. Nd2 $2 (26. Kg2) 26... Qxd3 27. Qb2 ({Worse is} 27. Qxd3 Rxd3 28. Bxb7 Re2 $19) 27... Qd4 {Precision: White = 32%, Black = 94%.} ({Weaker is} 27... Bxf3 28. Qxe5+ Kg8 29. Nxf3 $19) 0-1

[Event "Karnataka State Open-ch 2018"]
[Site "Bengaluru"]
[Date "2018.04.16"]
[Round "5"]
[White "Manjunath, J."]
[Black "Audipudy Sitaram"]
[Result "1-0"]
[WhiteElo "1986"]
[BlackElo "1610"]
[Annotator "NA"]
[PlyCount "111"]
[EventDate "2018.??.??"]
[EventType "swiss"]
[EventCountry "IND"]
[SourceTitle "playchess.com"]
[Source "ChessBase"]
[SourceQuality "1"]
[TimeControl "5400+30"]

{[%evp 35,111,50,69,24,25,26,32,0,60,20,66,61,61,52,72,66,62,48,52,68,60,27,45,26,35,37,43,0,77,62,56,61,65,42,23,32767,32767,32767,32767,32767,32767,32767,32767,10,0,100,0,-403,-438,-645,-622,-905,-333,-287,-260,-265,-51,-39,-20,-66,227,32767,209,270,356,464,32767,32767,32767,32767,32767,32767,32767,32767,32767,32767,32767,882]} 1. e4 {[%emt 0:00:00]} c5 {[%emt 0:00:12]} 2. Nf3 {[%emt 0:00:00]} g6 {[%emt 0:00:20]} 3. c4 {[%emt 0:00:25]} Bg7 {[%emt 0:00:32]} 4. d4 {[%emt 0:00:10]} cxd4 {[%emt 0:00:13]} 5. Nxd4 {[%emt 0:00:06]} Nc6 {[%emt 0:00:11]} 6. Be3 {[%emt 0:00:08]} Nf6 {[%emt 0:00:33]} 7. Nc3 {[%emt 0:00:05]} d6 {[%emt 0:00:37]} 8. Be2 {[%emt 0:00:17]} O-O {[%emt 0:00:26]} 9. O-O {[%emt 0:00:15]} Bd7 {[%emt 0:00:25]} 10. Qd2 {[%emt 0:00:21]} Nxd4 {[%emt 0:00:49]} 11. Bxd4 {[%emt 0:00:12]} Bc6 {[%emt 0:00:12]} 12. f3 {[%emt 0:00:55]} a5 {[%emt 0:00:47]} 13. Rac1 {[%emt 0:01:36]} a4 {[%emt 0:02:54]} 14. Rfd1 {[%emt 0:04:56] B38: Sicilian: Maroczy Bind with 5...Bg7 and 7...0-0} (14. Rc2 Nd7 15. Be3 Qa5 16. Nd5 Bxd5 17. Qxa5 Rxa5 18. cxd5 Nc5 19. Rfc1 b5 20. Bd2 Ra7 21. Kf1 Rb7 22. Bb4 Na6 23. Bd2 Nc5 24. Bb4 Na6 25. Bd2 Nc5 26. Bb4 {½-½ (30) Sevian,S (2615)-Leon Hoyos,M (2490) Saint Louis 2017}) 14... Nd7 {[%emt 0:01:16]} 15. Be3 {[%emt 0:08:18]} Nc5 {[%emt 0:01:51]} 16. Rc2 {[%emt 0:01:12]} Be5 {[%emt 0:16:32]} 17. Bf1 {[%emt 0:14:10]} Qa5 $146 {[%emt 0:04:15]} ({Predecessor:} 17... e6 18. Qf2 Qe7 19. Bh6 Rfd8 20. g3 f5 21. exf5 gxf5 22. Bg2 {0-1 (41) Den Hartog,M (2006)-Hendrickson,N (2168) Leiden 2014}) 18. Nd5 {[%emt 0:05:44]} Bxd5 {[%emt 0:03:18]} 19. cxd5 {[%emt 0:01:02]} Qxd2 {[%emt 0:03:07]} 20. Rdxd2 {[%emt 0:00:27]} Rfc8 {[%emt 0:09:09]} 21. g3 {[%emt 0:04:00]} b6 {[%emt 0:12:43]} (21... a3 $5 {[%cal Ra3b2]} 22. b4 Na4 $14) 22. Bb5 {[%emt 0:08:14]} Ra5 {[%emt 0:07:25]} 23. Bc6 {[%emt 0:03:04]} Rb8 {[%emt 0:03:45]} 24. Kf1 {[%emt 0:02:25]} h5 {[%emt 0:00:55]} 25. Rd1 {[%emt 0:03:09]} Bf6 {[%emt 0:00:33]} 26. Ke2 {[%emt 0:01:05]} Kg7 {[%emt 0:02:25]} 27. Bd2 {[%emt 0:02:56]} Ra7 {[%emt 0:00:14]} 28. Ke3 {[%emt 0:00:44]} Rc8 {[%emt 0:03:27]} 29. f4 {[%emt 0:01:38]} e5 {[%emt 0:00:18]} 30. Kf3 {[%emt 0:02:39]} Re7 {[%emt 0:01:51]} 31. Be3 {[%emt 0:03:11]} Ra7 {[%emt 0:01:33]} (31... exf4 $11 32. Bxc5 bxc5) 32. Rdd2 {[%emt 0:01:35]} Rb8 {[%emt 0:00:20]} 33. Rc4 {[%emt 0:01:44]} Kf8 {[%emt 0:01:36]} 34. Rb4 {[%emt 0:01:23]} a3 {[%emt 0:01:50]} 35. b3 {[%emt 0:14:53]} Ke7 {[%emt 0:00:10]} 36. Bxc5 {[%emt 0:00:19]} dxc5 {[%emt 0:00:32]} 37. d6+ {[%emt 0:00:56]} Kd8 {[%emt 0:01:17]} 38. Rc4 {[%emt 0:00:08]} Rc8 {[%emt 0:01:10]} 39. Ra4 {[%emt 0:02:09]} (39. Bb5 $16) 39... Rxa4 {[%emt 0:00:32]} 40. Bxa4 {[%emt 0:00:02]} c4 $1 {[%emt 0:01:17]} 41. Ke3 $2 {[%emt 0:06:56] [#]} (41. b4 $11 {and White stays safe.}) 41... b5 $1 {[%emt 0:06:11]} 42. Bxb5 {[%emt 0:00:31]} (42. bxc4 $142 bxa4 43. Rc2) 42... cxb3 {[%emt 0:00:13]} 43. Bd3 {[%emt 0:03:56]} b2 $2 {[%emt 0:04:18]} (43... exf4+ 44. Kf3 Rc3 45. axb3 fxg3) 44. Rd1 {[%emt 0:00:10]} Rc1 {[%emt 0:02:23]} 45. Ke2 {[%emt 0:00:17]} Ra1 $2 {[%emt 0:00:23]} (45... exf4 $19 46. gxf4 Bd4) 46. Bb1 {[%emt 0:00:14]} Kd7 {[%emt 0:00:26]} 47. Kd3 {[%emt 0:00:26]} Bd8 $2 {[%emt 0:03:00]} (47... Kxd6 $15 {keeps the upper hand.} 48. Kc2+ Ke6) 48. Kc2 {[%emt 0:00:39]} Bb6 {[%emt 0:01:55]} 49. fxe5 {[%emt 0:00:15]} g5 {[%emt 0:02:27]} 50. Rf1 {[%emt 0:00:12]} Ke6 {[%emt 0:00:37]} 51. Rf5 {[%emt 0:00:03]} h4 {[%emt 0:00:25]} 52. g4 {[%emt 0:00:08]} Be3 {[%emt 0:00:19]} 53. Rf6+ {[%emt 0:00:53]} Kd7 {[%emt 0:01:14]} 54. Rxf7+ {[%emt 0:00:07]} Ke8 {[%emt 0:00:19]} 55. e6 {[%emt 0:00:04]} Bf4 {[%emt 0:00:14]} 56. d7+ $18 {[%emt 0:00:09]} 1-0

[Event "Karnataka State Open-ch 2018"]
[Site "Bengaluru"]
[Date "2018.04.16"]
[Round "5"]
[White "Isha, Sharma"]
[Black "Kalki Eshwar D"]
[Result "1-0"]
[WhiteElo "1926"]
[BlackElo "1515"]
[Annotator "NA RC"]
[PlyCount "111"]
[EventDate "2018.??.??"]
[EventType "swiss"]
[EventCountry "IND"]
[SourceTitle "playchess.com"]
[Source "ChessBase"]
[SourceQuality "1"]
[TimeControl "5400+30"]

1. e4 {[%emt 0:00:00]} c5 {[%emt 0:00:07]} 2. c3 {[%emt 0:00:00]} d5 {[%emt 0:00:05]} 3. exd5 {[%emt 0:00:00]} Nf6 {[%emt 0:00:08]} 4. d4 {[%emt 0:00:00]} Nxd5 {[%emt 0:00:08] B22: Sicilian: 2 c3} (4... cxd4 5. Bb5+ Bd7 6. Bc4 b5 7. Bb3 dxc3 8. Nxc3 g6 9. Nf3 Bg7 10. Ne5 O-O 11. O-O b4 12. Ne2 {1-0 (53) Pavasovic,D (2548)-Sunilduth Lyna,N (2541) chess.com INT 2017}) 5. Nf3 {[%emt 0:00:04]} e6 {[%emt 0:00:09]} 6. Be2 {[%emt 0:00:45]} cxd4 {[%emt 0:00:17]} 7. Nxd4 {[%emt 0:00:37]} Bd6 $146 {[%emt 0:00:58]} ({Predecessor:} 7... Be7 8. O-O O-O 9. Qb3 Qb6 10. Bf3 Rd8 11. Na3 Nc6 12. Qxb6 axb6 {1-0 (79) Kevorkov,A (2228)-Jaksland,T (2284) Denmark 2016}) 8. O-O {[%emt 0:00:17]} O-O {[%emt 0:00:09]} 9. Nd2 {[%emt 0:01:09]} Nd7 {[%emt 0:00:43]} 10. Ne4 {[%emt 0:03:38]} Bb8 {[%emt 0:01:01]} 11. c4 {[%emt 0:09:59]} N5f6 {[%emt 0:00:28]} 12. Ng3 {[%emt 0:01:30]} Nc5 {[%emt 0:07:21]} 13. Be3 {[%emt 0:01:34]} e5 {[%emt 0:05:54]} 14. Nc6 {[%emt 0:10:04]} Qxd1 {[%emt 0:05:13]} 15. Rfxd1 {[%emt 0:00:15]} Ncd7 {[%emt 0:00:35]} 16. Ne7+ {[%emt 0:03:18]} Kh8 {[%emt 0:00:09]} 17. Bf3 {[%emt 0:00:12]} e4 {[%emt 0:02:32]} 18. Nxe4 {[%emt 0:00:23]} Nxe4 {[%emt 0:00:25]} 19. Bxe4 {[%emt 0:03:46]} Nf6 {[%emt 0:03:14]} 20. Bf3 {[%emt 0:00:07]} Be5 {[%emt 0:00:27]} 21. Nxc8 {[%emt 0:03:19]} Raxc8 {[%emt 0:00:09]} 22. Bd4 {[%emt 0:00:35]} ({Resist} 22. Bxb7 $6 Rxc4 23. Bf3 Bxb2) ({Better is} 22. c5 $18) 22... Bb8 $2 {[%emt 0:01:26]} (22... Bxd4 $16 {is a better defense.} 23. Rxd4 b6) 23. b3 {[%emt 0:03:16]} ({Don't take} 23. Bxb7 Rxc4 24. Rac1 Rxc1 $18) 23... b6 {[%emt 0:00:12]} 24. Rd3 {[%emt 0:00:15]} Rfe8 {[%emt 0:03:43]} 25. Rad1 {[%emt 0:01:09]} Ne4 {[%emt 0:02:53]} (25... h6 $142 26. Bxf6 gxf6) 26. Bxe4 {[%emt 0:04:13]} Rxe4 {[%emt 0:00:04]} 27. Bc3 {[%emt 0:01:53]} Rce8 {[%emt 0:06:01]} 28. Rd8 {[%emt 0:02:17]} h6 {[%emt 0:01:01]} 29. R1d7 {[%emt 0:02:40]} Kg8 {[%emt 0:00:37]} 30. g3 {[%emt 0:00:33]} h5 {[%emt 0:03:28]} 31. Kg2 {[%emt 0:03:11]} a5 {[%emt 0:02:55]} 32. Rxe8+ {[%emt 0:00:37]} Rxe8 {[%emt 0:00:02]} 33. Rb7 {[%emt 0:00:05]} h4 {[%emt 0:00:31]} 34. Rxb6 {[%emt 0:00:24]} hxg3 {[%emt 0:00:04]} 35. hxg3 {[%emt 0:00:08]} Be5 $18 {[%emt 0:00:40]} 36. Bxa5 {[%emt 0:00:46]} Bd4 {[%emt 0:00:32]} 37. Rd6 {[%emt 0:00:11]} Bc5 {[%emt 0:00:04]} 38. Rd8 {[%emt 0:00:05]} Rxd8 {[%emt 0:00:06]} 39. Bxd8 {[%emt 0:00:04]} Bb4 {[%emt 0:00:11]} 40. Bb6 {[%emt 0:00:22]} Kf8 {[%emt 0:00:04]} 41. a4 {[%emt 0:00:04]} Ke7 {[%emt 0:00:12]} 42. a5 {[%emt 0:00:12]} Kd7 {[%emt 0:00:08]} 43. a6 {[%emt 0:00:02]} Kc6 {[%emt 0:00:08]} 44. a7 {[%emt 0:00:03]} Kb7 {[%emt 0:00:03]} 45. c5 {[%emt 0:00:06]} Ka8 {[%emt 0:00:18]} 46. c6 {[%emt 0:00:04]} Bd6 {[%emt 0:00:03]} 47. b4 {[%emt 0:00:21]} g5 {[%emt 0:00:08]} 48. b5 {[%emt 0:00:04]} g4 {[%emt 0:00:06]} 49. Bc5 {[%emt 0:00:03]} Bc7 {[%emt 0:00:41]} 50. b6 {[%emt 0:00:05]} Bxb6 {[%emt 0:00:11]} 51. Bxb6 {[%emt 0:00:04]} f5 {[%emt 0:00:04]} 52. c7 {[%emt 0:00:07]} Kb7 {[%emt 0:00:04]} 53. a8=Q+ {[%emt 0:00:07]} Kxb6 {[%emt 0:00:04]} 54. c8=Q {[%emt 0:00:14]} f4 {[%emt 0:00:03]} 55. Qab7+ {[%emt 0:00:07]} Ka5 {[%emt 0:00:03]} 56. Qca8# {[%emt 0:00:08]} 1-0

[Event "Karnataka State Open-ch 2018"]
[Site "Bengaluru"]
[Date "2018.04.16"]
[Round "5"]
[White "Sekhawat, Hussen"]
[Black "Bachalkar Sadanand"]
[Result "1-0"]
[WhiteElo "1915"]
[BlackElo "1471"]
[Annotator "NA RC"]
[PlyCount "73"]
[EventDate "2018.??.??"]
[EventType "swiss"]
[EventCountry "IND"]
[SourceTitle "playchess.com"]
[Source "ChessBase"]
[SourceQuality "1"]
[TimeControl "5400+30"]

1. Nf3 {[%emt 0:00:00]} d5 {[%emt 0:00:40]} 2. g3 {[%emt 0:00:00]} Nc6 {[%emt 0:01:15]} 3. Bg2 {[%emt 0:01:26]} e5 {[%emt 0:00:21]} 4. d3 {[%emt 0:00:16]} Nf6 {[%emt 0:02:44]} 5. a3 {[%emt 0:01:26] A07: Réti Opening: New York and Capablanca Systems} (5. O-O Be7 6. c4 O-O 7. cxd5 Nxd5 8. Nc3 Nb6 9. Be3 Re8 10. Rc1 Bf8 11. Na4 Nd4 12. Nc5 c6 13. Nb3 Nxb3 14. Qxb3 Be6 15. Qc2 Nd5 16. Bd2 f6 17. a3 a5 18. e4 Nc7 19. Be3 Nb5 20. Rfd1 {1-0 (36) Nakamura,H (2786)-Grigoriants,S (2576) chess.com INT 2017}) 5... Be7 {[%emt 0:00:34]} 6. b4 {[%emt 0:02:21]} a6 {[%emt 0:01:12]} 7. Bb2 $146 {[%emt 0:00:14]} ({Predecessor:} 7. O-O O-O 8. Bb2 Bd6 9. Nfd2 Be6 10. c4 Qd7 11. Nc3 Be7 12. cxd5 Nxd5 {1-0 (75) Evans Quek,D (2047)-Sabah Moslem,R Bled 2002}) 7... Bd6 {[%emt 0:02:00]} 8. O-O {[%emt 0:01:14]} Be6 {[%emt 0:00:45]} 9. Nbd2 {[%emt 0:02:22]} O-O {[%emt 0:00:34]} 10. c4 {[%emt 0:01:03]} dxc4 {[%emt 0:04:38]} 11. dxc4 {[%emt 0:03:43]} Nd7 {[%emt 0:01:35]} 12. h4 f6 13. Qc2 {[%emt 0:05:23]} Be7 {[%emt 0:03:40]} 14. Rfd1 {[%emt 0:01:01]} Qe8 15. Nf1 {[%emt 0:06:13]} Nd8 {[%emt 0:01:46]} 16. Ne3 {[%emt 0:00:42]} c6 {[%emt 0:04:19]} 17. Nf5 {[%emt 0:02:30]} g6 {[%emt 0:00:34]} 18. Nxe7+ {[%emt 0:07:45]} Qxe7 19. c5 {[%emt 0:00:36]} Nf7 {[%emt 0:02:01]} 20. Rd2 {[%emt 0:04:35]} Rad8 {[%emt 0:01:43]} 21. Rad1 {[%emt 0:05:39]} Nb8 22. e4 Rxd2 {[%emt 0:01:01]} 23. Rxd2 {[%emt 0:01:05]} Rd8 {[%emt 0:00:40]} 24. Bf1 Rxd2 {[%emt 0:00:36]} 25. Nxd2 {[%emt 0:02:42]} Nd7 {[%emt 0:09:53]} 26. Nc4 {[%emt 0:05:21]} Kg7 {[%emt 0:00:22]} 27. Kg2 g5 28. hxg5 {[%emt 0:01:38]} Nxg5 {[%emt 0:01:58]} 29. Nd6 {[%emt 0:12:15]} Nf8 {[%emt 0:04:03]} ({Don't blunder} 29... Nxc5 $2 30. bxc5 Bh3+ 31. Kg1 $18) 30. f4 {[%emt 0:03:56]} exf4 {[%emt 0:01:06]} (30... Nf7 $142) 31. gxf4 {[%emt 0:00:39]} Nf7 {[%emt 0:01:59]} 32. Qc3 {[%emt 0:09:50]} Nxd6 $2 {[%emt 0:01:38]} (32... Bd7 {is a better defense.}) 33. cxd6 {[%emt 0:00:21]} Qf7 {[%emt 0:00:19]} 34. f5 {[%emt 0:01:02]} Bd7 {[%emt 0:01:03]} (34... Bxf5 $142 35. exf5 Qd5+ 36. Qf3 Qd2+ 37. Qe2 Qg5+ 38. Kh2 Qf4+ 39. Kg1 Qxd6 40. Qg4+ Kf7 41. Bc4+ Ke8) 35. Qg3+ {[%emt 0:01:00]} Kh8 {[%emt 0:01:25] [#]} 36. Bc4 $1 {[%emt 0:00:50]} Qg7 {[%emt 0:00:24] [#]} 37. Bxf6 {[%emt 0:00:13]} 1-0

[Event "Karnataka State Open-ch 2018"]
[Site "Bengaluru"]
[Date "2018.04.16"]
[Round "5"]
[White "Hardik, Jha"]
[Black "Sanjana Raghunath"]
[Result "1-0"]
[WhiteElo "1882"]
[BlackElo "1472"]
[Annotator "NA"]
[PlyCount "121"]
[EventDate "2018.??.??"]
[EventType "swiss"]
[EventCountry "IND"]
[SourceTitle "playchess.com"]
[Source "ChessBase"]
[SourceQuality "1"]
[TimeControl "5400+30"]

{[%evp 27,104,-89,-51,-21,-29,-21,-46,-102,-61,-127,-22,-53,0,14,5,14,14,-108,-134,-245,-135,-103,91,80,90,27,34,0,5,-1,33,0,3,0,31,39,54,0,0,8,25,-10,-18,-2,0,0,97,-25,-18,-32,32767,32767,32767,32767,85,32767,32767,32767,32767,32767,32767,54,60,32,172,175,235,32767,104,0,0,0,318,320,318,316,636,690,29987]} 1. Nf3 {[%emt 0:00:00]} d5 {[%emt 0:00:30]} 2. d4 {[%emt 0:00:01]} Nf6 {[%emt 0:00:18]} 3. e3 {[%emt 0:01:58]} Bg4 {[%emt 0:03:50]} 4. Bd3 {[%emt 0:03:35]} Nc6 {[%emt 0:00:44]} 5. c3 {[%emt 0:00:21] D02: 1 d4 d5 2 Nf3 sidelines, including 2...Nf6 3 g3 and 2...Nf6 3 Bf4} (5. O-O e6 6. b3 Bd6 7. Bb2 O-O 8. Nbd2 Re8 9. a3 {1-0 (9) Bacrot,E (2718)-Szakolczai,P (2275) Nancy 2011}) 5... e6 {[%emt 0:04:12]} 6. Nbd2 {[%emt 0:00:21]} Bd6 {[%emt 0:01:17]} 7. h3 {[%emt 0:09:56]} Bh5 {[%emt 0:00:22]} 8. Qb3 {[%emt 0:04:23]} Rb8 {[%emt 0:02:59]} 9. Qa4 $146 {[%emt 0:04:53]} ({Find the theoretical novelty and annotate with similar games:} 9. Qc2 Bg6 10. e4 dxe4 11. Nxe4 Nxe4 12. Bxe4 O-O 13. Be3 a5 14. h4 e5 15. O-O-O Bxe4 16. Qxe4 exd4 17. Bxd4 Nxd4 18. Rxd4 Qf6 {½-½ (18) Wittkugel,F-Ellinger,H (2290) Ellwangen 1999}) 9... O-O {[%emt 0:00:51]} 10. O-O {[%emt 0:00:33]} Qd7 {[%emt 0:02:13]} 11. Qc2 {[%emt 0:06:46]} Rfe8 {[%emt 0:03:22]} 12. Ng5 {[%emt 0:07:43]} h6 {[%emt 0:02:19]} 13. Ngf3 {[%emt 0:01:16]} e5 {[%emt 0:01:06]} 14. Bf5 {[%emt 0:07:58]} Qd8 {[%emt 0:00:33]} 15. dxe5 {[%emt 0:03:59]} Nxe5 {[%emt 0:03:21]} 16. Nxe5 {[%emt 0:00:13]} Rxe5 {[%emt 0:00:21]} 17. Re1 {[%emt 0:06:07]} (17. b4 $1 $11 {keeps the balance.}) 17... Qe8 {[%emt 0:00:56]} 18. b3 {[%emt 0:08:19]} c5 {[%emt 0:04:02]} (18... Ne4 $17 19. Bxe4 dxe4) 19. Bb2 {[%emt 0:01:28]} Re7 {[%emt 0:01:40]} 20. c4 {[%emt 0:01:16]} d4 {[%emt 0:01:35]} 21. Nf1 {[%emt 0:01:30]} Rd8 {[%emt 0:03:47]} (21... Bf4 $5) 22. g4 {[%emt 0:03:00]} (22. Qb1 $11 {remains equal.}) 22... Bg6 {[%emt 0:00:06]} 23. Red1 {[%emt 0:02:43] [#]} (23. Rad1 $17 {was called for.}) 23... Bxf5 {[%emt 0:02:57]} ({Worse is} 23... dxe3 24. Nxe3 Bxf5 25. Qxf5 $11 Rxe3 26. fxe3 $11) (23... Ne4 $1 $19 24. Bxg6 fxg6 25. exd4 Ng5) 24. Qxf5 {[%emt 0:00:08]} Red7 $2 {[%emt 0:03:04]} (24... Be5 $17 25. exd4 cxd4) 25. exd4 {[%emt 0:02:50]} cxd4 {[%emt 0:01:05]} 26. Re1 {[%emt 0:01:08]} ({Much weaker is} 26. Bxd4 Bb4 $11) 26... Be7 {[%emt 0:01:02]} 27. Rad1 {[%emt 0:03:03]} Qf8 {[%emt 0:00:46]} 28. Rd3 {[%emt 0:01:29]} Bc5 {[%emt 0:02:10]} 29. Re5 {[%emt 0:02:46]} Bd6 {[%emt 0:01:39]} 30. Re1 {[%emt 0:01:54]} Bc5 {[%emt 0:00:50]} 31. Ng3 {[%emt 0:01:03]} b6 {[%emt 0:04:38]} 32. g5 {[%emt 0:01:34]} ({Better is} 32. Qf3 $14) 32... hxg5 {[%emt 0:01:33]} 33. Qxg5 {[%emt 0:00:03]} Re8 {[%emt 0:04:34]} 34. Rxe8 {[%emt 0:01:45]} Qxe8 {[%emt 0:00:08]} 35. Nf5 {[%emt 0:01:16]} Qe1+ {[%emt 0:02:04]} 36. Kg2 {[%emt 0:00:38]} Ne8 {[%emt 0:00:59]} 37. Rf3 {[%emt 0:01:55]} (37. Qg4 $16 Rd8 38. Bxd4 Bxd4 39. Rxd4 Rxd4 40. Qxd4 (40. Nxd4 Nf6 $16)) 37... Qe4 {[%emt 0:01:09]} 38. a3 {[%emt 0:02:43]} Be7 {[%emt 0:01:56]} 39. Nxe7+ {[%emt 0:00:30]} Rxe7 {[%emt 0:00:31]} 40. Bxd4 {[%emt 0:00:15]} f6 {[%emt 0:03:44]} (40... Rd7 $1 $11 {remains equal.} 41. Bb2 Rd3) 41. Qf4 {[%emt 0:00:45]} Qb1 {[%emt 0:00:26]} 42. Qf5 {[%emt 0:01:38]} Qc1 {[%emt 0:01:04]} 43. Qd5+ {[%emt 0:01:38]} Kf8 {[%emt 0:00:20] [#]} 44. Be3 $2 {[%emt 0:01:14]} (44. c5 $1 $18 {[%cal Rc5b6]} Qxa3 45. Qc4 (45. cxb6 axb6 46. Bxb6 Qd6 $16)) 44... Qxa3 {[%emt 0:00:54]} 45. c5 {[%emt 0:00:17]} Qa5 {[%emt 0:00:42] [#]} (45... Nc7 $1 $14 46. Qd3 Ne6) 46. Qc4 $1 {[%emt 0:00:39]} Rc7 {[%emt 0:01:14]} (46... Nc7 $142 47. Bf4 Qxc5) 47. b4 {[%emt 0:00:11]} Qa4 {[%emt 0:01:15]} 48. Bf4 {[%emt 0:00:48]} (48. Rf4 $16) 48... Rxc5 $1 {[%emt 0:00:47]} 49. Qe6 {[%emt 0:01:21]} Rc6 $2 {[%emt 0:00:16]} (49... Rc2 $11) 50. Qd7 {[%emt 0:00:20]} Qc2 {[%emt 0:00:42]} 51. Re3 {[%emt 0:00:22]} Qg6+ $2 {[%emt 0:00:58]} (51... Rc8 52. Rxe8+ (52. Qxa7 Qc6+ 53. Kg1 Nc7 $14) 52... Rxe8) 52. Kh2 {[%emt 0:00:46]} Rc4 {[%emt 0:01:08]} 53. Rxe8+ {[%emt 0:00:15]} Qxe8 {[%emt 0:00:17]} 54. Bd6+ {[%emt 0:00:01]} Kg8 {[%emt 0:00:06]} 55. Qxe8+ {[%emt 0:00:03]} Kh7 {[%emt 0:00:03]} 56. Qh5+ {[%emt 0:00:28]} Kg8 {[%emt 0:00:02]} 57. Qd5+ {[%emt 0:00:01]} Kh7 {[%emt 0:00:09]} 58. Qxc4 {[%emt 0:00:07]} Kh8 {[%emt 0:00:15]} 59. Qf7 {[%emt 0:00:05]} b5 {[%emt 0:00:11]} 60. Bf8 {[%emt 0:00:05]} a5 {[%emt 0:00:04]} 61. Qxg7# {[%emt 0:00:10]} 1-0

[Event "Karnataka State Open-ch 2018"]
[Site "Bengaluru"]
[Date "2018.04.16"]
[Round "5"]
[White "Chincholimath, Halsagar"]
[Black "Thejkumar, M. S"]
[Result "0-1"]
[WhiteElo "1831"]
[BlackElo "2493"]
[Annotator "TA"]
[PlyCount "36"]
[EventDate "2018.??.??"]
[EventType "swiss"]
[EventCountry "IND"]
[SourceTitle "playchess.com"]
[Source "ChessBase"]
[SourceQuality "1"]

{[%evp 14,36,-54,-79,-26,-121,-133,-125,-130,-123,-113,-112,-106,-199,-198,-265,-263,-376,-368,-350,-291,-587,-592,-652,-641]} 1. e4 c6 2. d4 d5 3. e5 Bf5 4. h4 h5 5. Bg5 (5. Bd3 Bxd3 6. Qxd3 Qa5+ 7. Nd2 e6 8. Ne2 Ne7 9. O-O Nf5 10. Nf3 Qa6 11. Qd1 Be7 12. g3 c5 {½-½ (67) Nakamura,H (2787)-Artemiev,V (2697) Moscow 2018}) 5... Qb6 6. Bd3 {B12: Caro-Kann: Advance Variation} Qxd4 7. Nf3 Qg4 8. O-O {LiveBook: 10 Games. Black is slightly better.} e6 (8... Bxd3 $17 9. cxd3 e6) 9. Nc3 (9. Bxf5 $11 {remains equal.} Qxf5 10. c4) 9... Nd7 $17 10. Re1 $146 ({Find the theoretical novelty and annotate with similar games:} 10. Bxf5 Qxf5 11. Re1 Be7 12. Nd4 Qg4 {0-1 (40) Malykh,Y (2125)-Airapetian,G (2429) Lipetsk 2010}) 10... Be7 11. Qd2 Bxd3 12. cxd3 Bxg5 13. Nxg5 (13. hxg5 $17 h4 14. Nh2) 13... Ne7 $19 ({Stronger than} 13... Qxh4 {[#]} 14. Nce4 $1 $16 {[%mdl 512]}) 14. g3 (14. Nf3 {might work better.}) 14... Ng6 15. Nce4 (15. Kf1 {was worth a try.}) 15... dxe4 16. Rxe4 Qf5 17. Qb4 $2 {[#]} (17. d4 {was the only defense.}) 17... Ndxe5 18. f4 Nxd3 0-1